| 000 | 00520nam a22001817a 4500 | ||
|---|---|---|---|
| 005 | 20170607160311.0 | ||
| 010 | _aENG-118559 | ||
| 020 |
_a9789350451151 _c300.00 |
||
| 035 | _aEN-102091 | ||
| 037 | _bDBAD/PUB | ||
| 082 | _a881 | ||
| 245 |
_aSelected Assamese poetry/ _btransleted by Surajit Borooah |
||
| 260 |
_aCalcutta _bWriters Workshop _c2015 |
||
| 270 |
_a162/92,Lake Garden _bCalcutta _e700045 |
||
| 300 |
_a156p. _b22cm(Hb) |
||
| 700 | _a Borooah, Surajit | ||
| 942 |
_2ddc _cEN _h881 _mSEL |
||
| 999 |
_c140872 _d140872 |
||